LEADER 01339nam a2200253 i 4500 001 000000030731 003 CaOOAMICUS 005 20180830125449.0 008 180830s1877 it u000 u ita u 040 $aSeMil$bita 100 1 $aDarras, Joseph-Épiphane <1825-1878>.$0(OLS)http://semarc/name/14165 245 10$aStoria generale della Chiesa dal principio dell'era cristiana ai nostri giorni /$cdescritta dall'abate G. E. Darras ; tradotta sulla ed. 9. francese dal sacerdote Severino Ferreri. 260 $aTorino :$bCav. Pietro Marietti,$c1877-1903. 300 $a5 v. ;$c18 cm. 500 $aNon posseduto il vol. 5. 700 1 $aFerreri, Severino.$0(OLS)http://semarc/name/14166 773 0 $tCollezione Pietro Marietti.$dTorino : Tipografia Pontificia Cav. Pietro Marietti, [185-?]$w()13864 774 0 $tVol. 1.$kCollezione Pietro Marietti$g1$w()234631 774 0 $tVol. 3.$kCollezione Pietro Marietti$g3$w()234634 774 0 $tVol. 2.$kCollezione Pietro Marietti$g2$w()234635 774 0 $tVol. 4.$kCollezione Pietro Marietti$g4$w()234636 774 0 $tAppendice al volume 4..$kCollezione Pietro Marietti$g4$w()234638 996 $6245$aStoria generale della Chiesa dal principio dell'era cristiana ai nostri giorni$9(OLS)http://semarc/title/41814 996 $6260$aTorino :$bCav. Pietro Marietti$9(OLS)http://semarc/publisher/34913 LEADER 01112nam a2200265 i 4500 001 000000069500 003 CaOOAMICUS 005 20101204000000.0 008 101204s1990 it u000 u ita u 013 $a40672 040 $aSeMil$bita 100 1 $aDella Torre, Luigi,$d<1927-1996>.$0(OLS)http://semarc/name/10 245 13$aIl Matrimonio :$bguida per la catechesi e la celebrazione /$cLuigi Della Torre. 260 $aMilano :$bO.R.,$c1990. 300 $a136 p. ;$c19 cm. 490 0 $aLiturgia e catechesi ;$v7 500 $aContiene : Vocabolario. 650 4$aMatrimonio (Sacramento) - Rito liturgico.$0(OLS)http://semarc/subject/5383 650 4$aMatrimonio - Catechesi.$0(OLS)http://semarc/subject/8748 830 0$aLiturgia e catechesi ;$v7.$0(OLS)http://semarc/title/585 850 $aSeMil 852 $aSeMil$W1$xVenegono$y1$m3K II 279$j35653$B35653$CSeMilBibl$Z2$F35656 $81 961 $aAcquisto: Casa editrice 996 $6245$aIl Matrimonio :$bguida per la catechesi e la celebrazione$9(OLS)http://semarc/title/111285 996 $6260$aMilano :$bO.R.$9(OLS)http://semarc/publisher/29789